Polozapomenuté postavy ekonomického myšlení – J. K. Galbraith

Život a kariéra John Kenneth Galbraitha, kanadsko-amerického publicistu, spisovateľa, kritika a popularizátora ekonómie.

Salvato in:
Dettagli Bibliografici
Autore principale: Sirůček, Pavel
Natura: Capitolo di libro
Lingua:ceco
Soggetti:
Tags: Aggiungi Tag
Nessun Tag, puoi essere il primo ad aggiungerne!!

MARC

LEADER 00000naa a2200000 4500
001 0236353
005 20220722092001.5
041 0 |a cze 
044 |a CZ 
245 1 0 |a Polozapomenuté postavy ekonomického myšlení – J. K. Galbraith  |c Pavel Sirůček 
520 |a Život a kariéra John Kenneth Galbraitha, kanadsko-amerického publicistu, spisovateľa, kritika a popularizátora ekonómie. 
610 2 0 |a teórie ekonomické 
610 2 0 |a dejiny myslenia ekonomického 
610 2 0 |a Galbraith, John Kenneth 
100 1 |a Sirůček, Pavel